Saving vegetable seeds : (Record no. 19292)
[ view plain ]
| 000 -LEADER | |
|---|---|
| fixed length control field | 00507cam a22001818i 4500 |
| 020 ## - INTERNATIONAL STANDARD BOOK NUMBER | |
| ISBN | 9781612123639 |
| 020 ## - INTERNATIONAL STANDARD BOOK NUMBER | |
| ISBN | 1612123635 |
| 040 ## - CATALOGING SOURCE | |
| Transcribing agency | AGL |
| 082 00 - DEWEY DECIMAL CLASSIFICATION NUMBER | |
| Classification number | 635 ADD 1995 C162 Or. |
| 100 1# - MAIN ENTRY--AUTHOR NAME | |
| Personal name | Bradley, Fern Marshall |
| 245 10 - TITLE STATEMENT | |
| Title | Saving vegetable seeds : |
| Remainder of title | harvest, clean, store, and plant seeds from your garden / |
| 300 ## - PHYSICAL DESCRIPTION | |
| Number of Pages | 91 pages : |
| Other physical details | illustrations ; |
| Dimensions | 18 cm. |
| 490 1# - SERIES STATEMENT | |
| Series statement | A Storey basics title |
| 500 ## - GENERAL NOTE | |
| General note | Includes index. |
| 650 #0 - SUBJECT ADDED ENTRY--TOPICAL TERM | |
| Topical Term | Vegetables |
| 650 #0 - SUBJECT ADDED ENTRY--TOPICAL TERM | |
| Topical Term | Vegetables |
| 942 ## - ADDED ENTRY ELEMENTS (KOHA) | |
| Koha item type | ADB |
| 952 ## - LOCATION AND ITEM INFORMATION (KOHA) | |
| Withdrawn status [LOCAL, KOHA] | 0 |
| Source of acquisition | Permanent Location | Date acquired | Koha item type | Lost status | Shelving location | Current Location | Full call number |
|---|---|---|---|---|---|---|---|
| A33089 | Library Block C | 2020-09-07 | សៀវភៅភាសាអង់គ្លេស | C162 | Library Block C | 635 ADD 1995 C162 Or. |